Online katalóg knižníc regiónu Turca

Rozprávka naboso, alebo, Slimák Fezoj (Record no. 21609)

MARC details
000 -LEADER
fixed length control field 01675cam a2200457 a 4500
001 - CONTROL NUMBER
control field 21609
003 - CONTROL NUMBER IDENTIFIER
control field VRT
005 - DATE AND TIME OF LATEST TRANSACTION
control field 20260306140754.0
008 - FIXED-LENGTH DATA ELEMENTS--GENERAL INFORMATION
fixed length control field 240801s1999 xo a cr 000 j slo
015 ## - NATIONAL BIBLIOGRAPHY NUMBER
National bibliography number SNBA2000/01-00040
020 ## - INTERNATIONAL STANDARD BOOK NUMBER
International Standard Book Number 8088822270
Qualifying information (viaz.)
035 ## - SYSTEM CONTROL NUMBER
System control number SNK000329768
035 ## - SYSTEM CONTROL NUMBER
System control number urn:nbn:sk:snk-amkk9f
035 ## - SYSTEM CONTROL NUMBER
System control number urn:nbn:sk:snk-am003czx
035 ## - SYSTEM CONTROL NUMBER
System control number EB066601-0D99-420D-BF6E-DE9480B982B9
039 #9 - LEVEL OF BIBLIOGRAPHIC CONTROL AND CODING DETAIL [OBSOLETE]
Level of rules in bibliographic description 202409301436
Level of effort used to assign nonsubject heading access points msnk167
Level of effort used to assign subject headings 202408011051
Level of effort used to assign classification VLOAD
Level of effort used to assign subject headings 202403181838
Level of effort used to assign classification VLOAD
Level of effort used to assign subject headings 202402261643
Level of effort used to assign classification VLOAD
040 ## - CATALOGING SOURCE
Original cataloging agency SNK
Language of cataloging slo
Transcribing agency SNK
Description conventions AACR2
041 0# - LANGUAGE CODE
Language code of text/sound track or separate title slo
044 ## - COUNTRY OF PUBLISHING/PRODUCING ENTITY CODE
MARC country code xo
ISO country code SK
072 #7 - SUBJECT CATEGORY CODE
Subject category code 821.162.4-3
Subject category code subdivision Slovenská próza
Source konspekt
072 #7 - SUBJECT CATEGORY CODE
Subject category code 821-93
Subject category code subdivision Literatúra pre deti a mládež (beletria)
Source konspekt
080 ## - UNIVERSAL DECIMAL CLASSIFICATION NUMBER
Universal Decimal Classification number 821.162.4-34
Edition identifier 2011
080 ## - UNIVERSAL DECIMAL CLASSIFICATION NUMBER
Universal Decimal Classification number 82-34:808.1
Edition identifier 2011
100 1# - MAIN ENTRY--PERSONAL NAME
Personal name Pavlovič, Jozef,
Dates associated with a name 1934-2020
Relationship aut
245 10 - TITLE STATEMENT
Title Rozprávka naboso, alebo, Slimák Fezoj
Statement of responsibility, etc. Jozef Pavlovič ; ilustroval Stanislav Lajda
250 ## - EDITION STATEMENT
Edition statement Vydanie prvé
260 ## - PUBLICATION, DISTRIBUTION, ETC.
Place of publication, distribution, etc. Senica
Name of publisher, distributor, etc. Arkus
Date of publication, distribution, etc. 1999
300 ## - PHYSICAL DESCRIPTION
Extent 36 s.
Other physical details fareb. ilustr.
Dimensions 22 cm
490 1# - SERIES STATEMENT
Series statement Čarovný svet
Volume/sequential designation zv. 5
500 ## - GENERAL NOTE
General note Ilustr. na tit. strane a front.
655 #7 - INDEX TERM--GENRE/FORM
Genre/form data or focus term slovenské rozprávky
Source of term SNKPH
655 #7 - INDEX TERM--GENRE/FORM
Genre/form data or focus term autorské rozprávky
Source of term SNKPH
700 1# - ADDED ENTRY--PERSONAL NAME
Personal name Lajda, Stanislav,
Dates associated with a name 1959-
Relationship ill
830 #0 - SERIES ADDED ENTRY--UNIFORM TITLE
Uniform title Čarovný svet
942 ## - ADDED ENTRY ELEMENTS (KOHA)
Source of classification or shelving scheme Dewey Decimal Classification
Koha item type Krásna literatúra pre deti
Suppress in OPAC No
949 ## - LOCAL PROCESSING INFORMATION (OCLC)
6 17A0216189
9 P60, <03>, [BOOK], {603}
a snkSC 99967
b snkKSP 10723/99
s 6100:20140925
949 ## - LOCAL PROCESSING INFORMATION (OCLC)
6 17A0216190
9 P60, <04>, [BOOK], {604}
a snkSC 99967 D1
b snkKSP 10724/99
949 ## - LOCAL PROCESSING INFORMATION (OCLC)
9 P60, <09>, [BOOK], {629}
a snkC 269
b snk550/20000418
Holdings
Stav vyradenia Strata Poškodenie Spôsob nadobudnutia Domovská knižnica Aktuálna knižnica Dátum nadobudnutia Total checkouts Čiarový kód exemplára Date last seen Typ exemplára
      Dar Obecná knižnica Horná Štubňa Obecná knižnica Horná Štubňa 06.03.2026   4736201673 06.03.2026 Krásna literatúra pre deti
Projekt je podporený Slovenskou asociáciou knižníc
Prevádzkuje Turčianska knižnica Martin 2026